| 000 | 01408nam a22002057a 4500 | ||
|---|---|---|---|
| 999 |
_c59107 _d59107 |
||
| 003 | Ge_BSU | ||
| 005 | 20221125144128.0 | ||
| 008 | 221125s1959ge xxu||||| |||| 00| 0 geo d | ||
| 041 | _ageo | ||
| 080 | _a82-93:821.111(73)-311.3 ტ-54 | ||
| 100 |
_aტვენი, მარკ, 1835-1910, ავტორი. _916107 |
||
| 245 |
_aტომ სოიერის თავგადასავალი / _cმარკ ტვენი ; [თარგმ. გრიგოლ ყიფშიძისა ; ინგლ. გამოც. შეადარა და შეავსო ნინო რაზიკაშვილმა]. ჰეკლბერი ფინის თავგადასავალი / [თარგმ. ინგლ. თამარ დიასამიძისა ; ილ. გ. ფიტინგოფისა]. |
||
| 264 |
_aთბილისი : _bსაბლიტგამი, _c1959. |
||
| 300 |
_a590 გვ. : _b ილ: ; _c21 სმ. |
||
| 440 |
_aსათავგადასავლო ბიბლიოთეკა ; 2 _916108 |
||
| 653 | _aჰეკლბერი ფინის თავგადასავალი | ||
| 700 |
_a ყიფშიძიე, გრიგოლ _eმთარგმნელი _916109 |
||
| 710 |
_aდიასამიძიე, თამარ _bმთარგმნელი _916110 |
||
| 942 |
_2udc _cBK |
||